000 00307nam a22001337a 4500
008 250625b |||||||| |||| 00| 0 eng d
020 _aNIL
050 _aHD31
_b.C56
100 _aCIMA
245 _aManagement Stage 2
260 _aLondon
_bFinancial Training Courses
_c1988
300 _a447p.
942 _cCR
999 _c3972
_d3972